Diagnóstico y tratamiento de las enfermedades cardio-vasculares / (Record no. 148562)

MARC details
000 -LEADER
campo de control de longitud fija 00479nam a2200145 4500
001 - NÚMERO DE CONTROL
campo de control 148562
003 - IDENTIFICADOR DE NÚMERO DE CONTROL
campo de control ES-MaACL
007 - CAMPO FIJO DE DESCRIPCIÓN FÍSICA--INFORMACIÓN GENERAL
campo de control de longitud fija t|
008 - DATOS DE LONGITUD FIJA--INFORMACIÓN GENERAL
campo de control de longitud fija 070214s1943 sp r ||||1| spa d
100 1# - ENTRADA PRINCIPAL--NOMBRE DE PERSONA
Nombre de persona Stroud, William D.
9 (RLIN) 108460
245 10 - MENCIÓN DEL TÍTULO
Título Diagnóstico y tratamiento de las enfermedades cardio-vasculares /
Mención de responsabilidad, etc. por el Dr. William D. Stroud.
260 ## - PUBLICACIÓN, DISTRIBUCIÓN, ETC.
Lugar de publicación, distribución, etc. Barcelona :
Nombre del editor, distribuidor, etc. Salvat,
Fecha de publicación, distribución, etc. 1943 (
Fabricante Imp. Hispano-Americana)
300 ## - DESCRIPCIÓN FÍSICA
Extensión 2 v. :
Otras características físicas il. ;
Dimensiones 26 cm.
852 ## - LOCALIZACIÓN
Ubicación ES-MaACL
Número de control de estantería E-99-100
Sublocalización o colección R.20528
Holdings
Estatus retirado Estado de pérdida Estado de daño No para préstamo Biblioteca de origen Biblioteca actual Ubicación en estantería Fecha de adquisición Fuente de adquisición Total de préstamos Signatura topográfica completa Código de barras Visto por última vez Precio de reemplazo Tipo de ítem Koha
        Biblioteca del Ateneo de Madrid Biblioteca del Ateneo de Madrid Depósito 2 17/01/2008     E-99-100 1155035 23/02/2023 23/02/2023 Libro impreso